Construcción de invernaderos

Saved in:
Bibliografiske detaljer
Hovedforfatter: Serrano Cermeño, Zoilo (Author)
Format: Bog
Sprog:spansk
Udgivet: Madrid Mundi-Prensa 2005
Udgivelse:3a. ed
Fag:
Tags: Tilføj Tag
Ingen Tags, Vær først til at tagge denne postø!

MARC

LEADER 00000cam a2200000 a 4500
001 UCI0007
003 CL-VaPUC
005 20240909162519.0
008 070420e20050000SP |||||||||||||||||spa|d
999 |c 325304  |d 325302 
020 |a 8484762513 
040 |c Pontificia Universidad Católica de Valparaíso 
082 0 4 |a 631.34  |b SER  |2 21 
100 0 |a Serrano Cermeño, Zoilo  |e author  |9 520058 
245 1 0 |a Construcción de invernaderos 
250 |a 3a. ed 
260 |a Madrid  |b Mundi-Prensa  |c 2005 
300 |a 504 p 
583 |a last modification  |c 20130307 03:07:32  |k Rodrigo Vera 
650 0 |a Invernaderos  |9 264317  |x Construcción  
650 0 |a Invernaderos  |9 264317  |x Tipos de invernaderos  
942 |c BK  |2 ddc 
945 |d 20070420 00:00:00  |a cmena 
952 |0 0  |1 0  |4 0  |6 631_340000000000000_SER_2005  |7 0  |8 A  |9 406017  |a BIBAGR  |b BIBAGR  |d 2019-11-22  |i 4332350  |o 631.34 SER 2005  |p 4332350  |r 2025-01-20  |w 2019-11-22  |y BK  |k AGR 
952 |0 0  |1 0  |4 0  |6 631_340000000000000_SER_2005  |7 0  |8 A  |9 406018  |a BIBAGR  |b BIBAGR  |d 2019-11-22  |i 4344251  |l 1  |o 631.34 SER 2005  |p 4344251  |r 2025-01-20  |s 2022-08-24  |w 2019-11-22  |y BK  |k AGR 
952 |0 0  |1 0  |4 0  |6 631_340000000000000_SER_2005  |7 0  |8 A  |9 406021  |a BIBAGR  |b BIBAGR  |d 2019-11-22  |i 4954009  |l 1  |o 631.34 SER 2005  |p 4954009  |r 2025-04-15  |s 2025-04-01  |w 2019-11-22  |y BK  |k AGR 
952 |0 0  |1 0  |4 0  |6 631_340000000000000_SER_2005  |7 0  |8 A  |9 406022  |a BIBAGR  |b BIBAGR  |d 2019-11-22  |i 4954017  |o 631.34 SER 2005  |p 4954017  |r 2025-01-20  |w 2019-11-22  |y BK  |k AGR